Statistics for Cities in Brazil With Over 1 Million People

Click here to take the quiz!

General Stats

  • This quiz has been taken 51 times
  • The average score is 11 of 15

Answer Stats

PopulationCity% Correct
2,207,718Brasília
97%
6,023,699Rio de Janeiro
97%
10,021,295Sao Paulo
97%
2,373,224Belo Horizonte
90%
2,400,000Fortaleza
87%
1,598,210Manaus
87%
1,372,741Porto Alegre
85%
2,711,840Salvador
85%
1,407,737Belem
82%
1,478,098Recife
82%
1,718,421Curitiba
79%
1,031,554Campinas
69%
1,171,195Goiania
62%
1,169,577Guarulhos
33%
1,002,118Nova Iguacu
15%

Score Distribution

Percentile by Number Answered

Percent of People with Each Score

Your Score History

You have not taken this quiz